[Event "Mumbai Transganization op"]
[Site "Mumbai"]
[Date "2024.01.25"]
[Round "1"]
[White "Bartakke, Aditya"]
[Black "Mukul, Samir Rane"]
[Result "1-0"]
[WhiteElo "1739"]
[BlackElo "1194"]
[PlyCount "77"]
[EventDate "2024.01.25"]
[EventType "swiss"]
[EventRounds "8"]
[EventCountry "IND"]
[SourceTitle "CB06_2024"]
[SourceDate "2024.02.07"]
[SourceVersion "1"]
[SourceVersionDate "2024.02.07"]
[SourceQuality "1"]

1. e4 e5 2. Bc4 Nf6 3. d3 Be7 4. Nf3 d6 5. 0-0 Bg4 6. c3 h6 7. Re1 0-0 8. h3 Be6 9. Nbd2 Nc6 10. Bb3 Qd7 11. Nf1 a6 12. Ng3 Rfe8 13. d4 exd4 14. cxd4 Bxb3 15. Qxb3 Kh8 16. Qxf7 Rf8 17. Qg6 Bd8 18. e5 dxe5 19. dxe5 Ne7 20. Qc2 Nfd5 21. Bd2 c6 22. Bc3 Bb6 23. e6 Qc7 24. Be5 Qc8 25. b4 Kg8 26. Qb2 Nf6 27. Bd6 Re8 28. Bxe7 Rxe7 29. Nf5 Rxe6 30. Ne7+ Rxe7 31. Rxe7 Bd8 32. Qb3+ Kh8 33. Rf7 Bb6 34. Qd3 Rb8 35. Qg6 Qg8 36. Re1 Bd8 37. Ne5 Qh7 38. Rf8+ Qg8 39. Nf7# 1-0